Chocolate Brownie basic ingredients quiz - Statistics

General Stats
  • This quiz has been taken 83 times
  • The average score is 5 of 6
Answer Stats
Ingredients % Correct
Flour
99%
Egg
95%
Chocolate
91%
Sugar
91%
Butter
76%
Cocoa Powder
40%
No matching quizzes found
Score Distribution
Percent of People with Each Score
Percentile by Number Answered
Your Score History
You have not taken this quiz